[Event "España ch-2015 sub-18"]
[Site "Salobrena ESP"]
[Date "2015.07.28"]
[Round "3.12"]
[White "Bernabeu Lopez, Carlos Javier"]
[Black "Redondo Benavente, Jose Carlos"]
[Result "1-0"]
[WhiteElo "2142"]
[BlackElo "1988"]
[PlyCount "97"]
[EventDate "2015.07.27"]
[EventType "swiss"]
[EventRounds "9"]
[EventCountry "ESP"]
[Source "lmi"]
[SourceDate "2015.07.27"]

1. e4 c5 2. Nf3 e6 3. d4 cxd4 4. Nxd4 a6 5. Bd3 Nf6 6. O-O e5 7. Nf3 Nc6 8. c4
Bc5 9. Nc3 h6 10. Qe2 d6 11. h3 O-O 12. Be3 Bxe3 13. fxe3 Be6 14. Rad1 Nd7 15.
Bb1 Nb6 16. b3 Nc8 17. Qf2 Qf6 18. Nd5 Bxd5 19. exd5 N6e7 20. Qc2 g6 21. c5 Nf5
22. Qc3 Re8 23. Nh2 Qg5 24. Bxf5 gxf5 25. g4 fxg4 26. hxg4 Qg6 27. Rd2 dxc5 28.
Rdf2 Re7 29. Rf6 Qg5 30. d6 Rd7 31. R1f5 Qg7 32. Qxc5 h5 33. Qxe5 Kf8 34. Rg5
Qh7 35. Rxh5 Qg7 36. Rxf7+ Rxf7 37. Rh8+ Qg8 38. Rxg8+ Kxg8 39. Qe8+ Rf8 40. d7
Na7 41. Qe6+ Kg7 42. g5 Nc6 43. Qh6+ Kf7 44. Qf6+ Kg8 45. Qg6+ Kh8 46. Qh6+ Kg8
47. g6 Rf6 48. Qh7+ Kf8 49. g7+ 1-0

[Event "España ch-2015 sub-18"]
[Site "Salobrena ESP"]
[Date "2015.07.28"]
[Round "3.13"]
[White "Garcia Porlan, Beatriz"]
[Black "Garrido Piriz, Pablo"]
[Result "0-1"]
[WhiteElo "2006"]
[BlackElo "2138"]
[PlyCount "74"]
[EventDate "2015.07.27"]
[EventType "swiss"]
[EventRounds "9"]
[EventCountry "ESP"]
[Source "lmi"]
[SourceDate "2015.07.27"]

1. e4 c5 2. c4 Nc6 3. Nc3 g6 4. g3 Bg7 5. Bg2 d6 6. Nge2 h5 7. h3 Nd4 8. d3 e6
9. Rb1 Ne7 10. Be3 Nec6 11. a3 O-O 12. b4 Nxe2 13. Nxe2 Nd4 14. O-O Rb8 15. Qd2
e5 16. Nxd4 cxd4 17. Bh6 b5 18. Bxg7 Kxg7 19. cxb5 Rxb5 20. f4 Bd7 21. f5 f6
22. h4 Rb7 23. Qe2 Qc8 24. Rbc1 Rc7 25. Rxc7 Qxc7 26. g4 Qc3 27. gxh5 gxh5 28.
Qxh5 Be8 29. Qd1 Kh7 30. Kh2 Rg8 31. Bf3 Qxa3 32. Bh5 Qxb4 33. Bg6+ Bxg6 34.
fxg6+ Rxg6 35. Qh5+ Kg7 36. Qf5 Qd2+ 37. Rf2 Qxd3 0-1

[Event "España ch-2015 sub-18"]
[Site "Salobrena ESP"]
[Date "2015.07.28"]
[Round "3.15"]
[White "Campins Machado, Francesc"]
[Black "Gonzalez Fernandez, Pedro"]
[Result "1-0"]
[WhiteElo "2127"]
[BlackElo "1825"]
[PlyCount "39"]
[EventDate "2015.07.27"]
[EventType "swiss"]
[EventRounds "9"]
[EventCountry "ESP"]
[Source "lmi"]
[SourceDate "2015.07.27"]

1. Nf3 d5 2. c4 d4 3. b4 f6 4. e3 e5 5. c5 a5 6. Bc4 Nh6 7. O-O dxe3 8. fxe3 e4
9. Nd4 axb4 10. Bb2 Bg4 11. Qc2 Qe7 12. a3 Nc6 13. Nxc6 bxc6 14. axb4 Rxa1 15.
Bxa1 f5 16. Qa4 Kd7 17. Bd5 Qg5 18. Qxc6+ Kc8 19. Qe8+ Qd8 20. Be6+ 1-0

[Event "España ch-2015 sub-18"]
[Site "Salobrena ESP"]
[Date "2015.07.28"]
[Round "3.16"]
[White "Lozano Osorio, Isaac"]
[Black "Gomez Dieguez, Adrian"]
[Result "0-1"]
[WhiteElo "1987"]
[BlackElo "2124"]
[PlyCount "74"]
[EventDate "2015.07.27"]
[EventType "swiss"]
[EventRounds "9"]
[EventCountry "ESP"]
[Source "lmi"]
[SourceDate "2015.07.27"]

1. d4 Nf6 2. Nf3 c5 3. d5 b5 4. Bg5 d6 5. Bxf6 gxf6 6. e4 a6 7. c3 Nd7 8. a4
Rb8 9. axb5 axb5 10. b4 f5 11. exf5 Bg7 12. Ra5 Bxc3+ 13. Nxc3 cxb4 14. Rxb5
bxc3 15. Qd4 O-O 16. Qg4+ Kh8 17. Qd4+ Kg8 18. Qg4+ Kh8 19. Qd4+ f6 20. Qxc3
Ba6 21. Rb2 Bxf1 22. Rxf1 Rxb2 23. Qxb2 Qa8 24. Qd4 Rc8 25. Ke2 Qa6+ 26. Qd3
Qa2+ 27. Nd2 Ne5 28. Qb5 Qc2 29. Qb1 Qc3 30. Qb3 Qd4 31. f4 Nd7 32. Qd3 Qxd3+
33. Kxd3 Nb6 34. g3 Kg7 35. Rb1 Nxd5 36. Kd4 Nc7 37. Rc1 Nb5+ 0-1

[Event "España ch-2015 sub-18"]
[Site "Salobrena ESP"]
[Date "2015.07.28"]
[Round "3.17"]
[White "Pozanco Romasanta, Marc"]
[Black "Fernandez Cano, Victor"]
[Result "0-1"]
[WhiteElo "2121"]
[BlackElo "1956"]
[PlyCount "50"]
[EventDate "2015.07.27"]
[EventType "swiss"]
[EventRounds "9"]
[EventCountry "ESP"]
[Source "lmi"]
[SourceDate "2015.07.27"]

1. d4 Nf6 2. c4 g6 3. Nc3 Bg7 4. e4 d6 5. Be2 O-O 6. Bg5 h6 7. Be3 e5 8. d5 a5
9. f3 Na6 10. a3 Nh5 11. Rb1 f5 12. g3 c5 13. dxc6 bxc6 14. b4 axb4 15. axb4
Nc7 16. b5 cxb5 17. Nxb5 Nxb5 18. Qd5+ Kh7 19. Qxa8 Nd4 20. Bxd4 exd4 21. exf5
Rxf5 22. f4 Rc5 23. Bd3 Qe7+ 24. Kf1 Qe3 25. Qf3 Bh3+ 0-1

[Event "España ch-2015 sub-18"]
[Site "Salobrena ESP"]
[Date "2015.07.28"]
[Round "3.18"]
[White "Marquez Marvizon, Alejandra"]
[Black "Portela Peleteiro, Alberto"]
[Result "1/2-1/2"]
[WhiteElo "1968"]
[BlackElo "2105"]
[PlyCount "117"]
[EventDate "2015.07.27"]
[EventType "swiss"]
[EventRounds "9"]
[EventCountry "ESP"]
[Source "lmi"]
[SourceDate "2015.07.27"]

1. e4 d6 2. d4 Nf6 3. Nc3 e5 4. dxe5 dxe5 5. Qxd8+ Kxd8 6. Nf3 Bd6 7. h3 c6 8.
a4 Be6 9. Ng5 Ke7 10. Nxe6 fxe6 11. a5 Nbd7 12. Be3 b5 13. f3 Rhd8 14. Kf2 Bc5
15. Na2 Bd4 16. c3 Bxe3+ 17. Kxe3 Nc5 18. Nb4 Rd6 19. Be2 Rad8 20. Rhd1 Nh5 21.
h4 R8d7 22. Rxd6 Rxd6 23. c4 Nb3 24. Ra3 Nd4 25. cxb5 cxb5 26. Rc3 Nxe2 27.
Kxe2 Nf4+ 28. Ke1 Nxg2+ 29. Kf1 Nxh4 30. Nc6+ Kf6 31. Nxa7 Ra6 32. Nc6 b4 33.
Rc5 Nxf3 34. Nxb4 Ra7 35. Nc6 Nd2+ 36. Ke2 Nxe4 37. Nxa7 Nxc5 38. b4 Na4 39.
Nc8 Nc3+ 40. Kf1 Nb5 41. a6 e4 42. Nd6 Nc7 43. b5 Ke7 44. a7 Na8 45. b6 Nxb6
46. Nc8+ Nxc8 47. a8=Q Nd6 48. Qg8 Nf5 49. Qxh7 Kf6 50. Qh3 Ke5 51. Qh2+ Kd5
52. Qa2+ Ke5 53. Qa5+ Kd4 54. Qb6+ Kd5 55. Qb7+ Kd4 56. Qd7+ Ke5 57. Qb5+ Kd4
58. Qb6+ Kd5 59. Qc7 1/2-1/2

[Event "España ch-2015 sub-18"]
[Site "Salobrena ESP"]
[Date "2015.07.28"]
[Round "3.19"]
[White "Alfaro Garcia del Cerro, Juan L"]
[Black "Abal Cores, Lucas"]
[Result "1/2-1/2"]
[WhiteElo "1872"]
[BlackElo "2373"]
[PlyCount "125"]
[EventDate "2015.07.27"]
[EventType "swiss"]
[EventRounds "9"]
[EventCountry "ESP"]
[Source "lmi"]
[SourceDate "2015.07.27"]

1. d4 Nf6 2. c4 e5 3. dxe5 Ng4 4. e3 Nxe5 5. Nh3 Nbc6 6. Nf4 Bc5 7. Be2 O-O 8.
O-O d6 9. Nc3 a5 10. b3 Bf5 11. Bb2 Re8 12. Qd2 Qh4 13. Ncd5 Rac8 14. a3 Ba7
15. b4 Nd8 16. Rad1 c6 17. Nc3 Bb8 18. e4 Bg4 19. f3 Bd7 20. Na4 Ba7+ 21. c5
Ne6 22. Bxe5 dxe5 23. Qxd7 Qxf4 24. Bc4 Nd4 25. Qxb7 Bb8 26. bxa5 Rc7 27. Qb2
h5 28. Qd2 Qh4 29. Qf2 Qe7 30. f4 Ne6 31. f5 Nf4 32. Qf3 Ba7 33. g3 Nh3+ 34.
Kg2 Ng5 35. Qe2 Bxc5 36. h4 Nh7 37. Qxh5 Bd4 38. Qf3 Ra7 39. a6 Rea8 40. Rb1
Nf6 41. g4 Ne8 42. g5 Nd6 43. Bd3 Ne8 44. Rb3 Rxa6 45. Bxa6 Rxa6 46. f6 Qa7 47.
Nc3 Rxa3 48. Rxa3 Qxa3 49. fxg7 Qe7 50. Ne2 Nxg7 51. Ng3 c5 52. Nf5 Nxf5 53.
exf5 e4 54. Qh5 e3 55. Qe2 Qe4+ 56. Kh3 c4 57. g6 Qd3 58. gxf7+ Kf8 59. Qg2 e2+
60. Rf3 Qxf3+ 61. Qxf3 e1=Q 62. Qa8+ Kxf7 63. Qd5+ 1/2-1/2

[Event "España ch-2015 sub-18"]
[Site "Salobrena ESP"]
[Date "2015.07.28"]
[Round "3.20"]
[White "Ponce Cano, Adrian"]
[Black "Redondo Benavente, Ana"]
[Result "1-0"]
[WhiteElo "2183"]
[BlackElo "1920"]
[PlyCount "67"]
[EventDate "2015.07.27"]
[EventType "swiss"]
[EventRounds "9"]
[EventCountry "ESP"]
[Source "lmi"]
[SourceDate "2015.07.27"]

1. e4 e5 2. Nf3 Nc6 3. c3 d5 4. Bb5 dxe4 5. Nxe5 Qd5 6. Bxc6+ bxc6 7. d4 exd3
8. O-O Bf5 9. Re1 Be7 10. c4 Qe6 11. Bd2 Nh6 12. Qf3 Qf6 13. Bg5 Qd6 14. Nxc6
Be6 15. Bxe7 Qd7 16. Ne5 Qc8 17. Bc5 f6 18. Qh5+ Nf7 19. Nxf7 g6 20. Qf3 Kxf7
21. Qxd3 Rd8 22. Qf3 Bxc4 23. Nc3 Be6 24. Ne4 Bf5 25. Ng5+ fxg5 26. Re7+ Kg8
27. Qb3+ Be6 28. Rxe6 Kg7 29. Qc3+ Kh6 30. Qh3+ Kg7 31. Re7+ Kf6 32. Qc3+ Kf5
33. Qe5+ Kg4 34. f3+ 1-0

[Event "España ch-2015 sub-18"]
[Site "Salobrena ESP"]
[Date "2015.07.28"]
[Round "3.21"]
[White "Bustos Bernardo, Samuel"]
[Black "Garcia Martin, Marta"]
[Result "0-1"]
[WhiteElo "1917"]
[BlackElo "2166"]
[PlyCount "87"]
[EventDate "2015.07.27"]
[EventType "swiss"]
[EventRounds "9"]
[EventCountry "ESP"]
[Source "lmi"]
[SourceDate "2015.07.27"]

1. Nf3 Nf6 2. c4 e6 3. Nc3 d5 4. d4 c5 5. e3 Nc6 6. a3 a6 7. dxc5 Bxc5 8. b4
Ba7 9. Bb2 O-O 10. Qc2 Qe7 11. Bd3 Rd8 12. O-O h6 13. Rfd1 d4 14. exd4 Nxd4 15.
Nxd4 Bxd4 16. Nd5 exd5 17. Bxd4 dxc4 18. Bxc4 Be6 19. Bc5 Qe8 20. Re1 Nd5 21.
Qe4 Qc6 22. Bd3 Nf6 23. Qxc6 bxc6 24. Red1 Bb3 25. Be7 Rd7 26. Bxf6 Bxd1 27.
Rxd1 Kf8 28. Bxg7+ Kxg7 29. Kf1 Rad8 30. Ke2 Kf6 31. h4 Ke5 32. g3 Rd4 33. Ke3
R8d5 34. Rd2 Kd6 35. Rd1 Kc7 36. Rd2 a5 37. bxa5 c5 38. a6 c4 39. Rb2 Rxd3+ 40.
Ke4 Ra5 41. Rb7+ Kc6 42. Rxf7 Rxa6 43. Kf5 Rxg3 44. h5 0-1

[Event "España ch-2015 sub-18"]
[Site "Salobrena ESP"]
[Date "2015.07.28"]
[Round "3.22"]
[White "Mari Copa, Adria"]
[Black "Ruiz Sicilia, Juan Carlos"]
[Result "1-0"]
[WhiteElo "2136"]
[BlackElo "1911"]
[PlyCount "119"]
[EventDate "2015.07.27"]
[EventType "swiss"]
[EventRounds "9"]
[EventCountry "ESP"]
[Source "lmi"]
[SourceDate "2015.07.27"]

1. e4 e6 2. Qe2 d5 3. exd5 Qxd5 4. Nc3 Qa5 5. Nf3 Nf6 6. g3 Nc6 7. Bg2 Bb4 8.
Ne4 Nxe4 9. Qxe4 Be7 10. O-O O-O 11. d4 Qh5 12. b3 Bf6 13. Bb2 Rb8 14. Rfe1 Ne7
15. c4 c5 16. Ne5 cxd4 17. Bxd4 Ng6 18. Bf3 Qf5 19. Nxg6 Qxg6 20. Bxa7 Qxe4 21.
Rxe4 Bxa1 22. Bxb8 Bd7 23. Bd6 Bc6 24. Bxf8 Bxe4 25. Bxe4 Kxf8 26. Bxb7 Ke7 27.
Kf1 Kd6 28. Ke2 Bd4 29. f3 Kc5 30. Be4 h6 31. Bh7 f6 32. Bg8 e5 33. g4 Bb2 34.
Kd3 Ba3 35. Ke4 Kd6 36. Bh7 Bb4 37. Kd3 Kc5 38. Kc2 Ba3 39. Kc3 Bb4+ 40. Kb2
Kd4 41. a3 Bd6 42. Be4 Be7 43. Bd5 g6 44. Be4 Ke3 45. b4 f5 46. gxf5 gxf5 47.
Bxf5 Kxf3 48. c5 e4 49. c6 Bd6 50. b5 Bc7 51. Kc3 e3 52. Bd3 e2 53. Bxe2+ Kxe2
54. Kc4 h5 55. Kc5 Bxh2 56. b6 Bg1+ 57. Kb5 h4 58. c7 h3 59. c8=Q h2 60. Qc6
1-0

[Event "España ch-2015 sub-18"]
[Site "Salobrena ESP"]
[Date "2015.07.28"]
[Round "3.23"]
[White "Antunez Muñoz, Ines"]
[Black "Esquivias Quintero, Luis Manuel"]
[Result "0-1"]
[WhiteElo "1873"]
[BlackElo "2134"]
[PlyCount "132"]
[EventDate "2015.07.27"]
[EventType "swiss"]
[EventRounds "9"]
[EventCountry "ESP"]
[Source "lmi"]
[SourceDate "2015.07.27"]

1. e4 Nf6 2. e5 Nd5 3. d4 d6 4. Bc4 Nb6 5. Bb3 Bf5 6. e6 Bxe6 7. Bxe6 fxe6 8.
Nf3 Nc6 9. O-O Qd7 10. Re1 g6 11. Ng5 Nd8 12. c3 Bg7 13. Nd2 Nd5 14. Ndf3 h6
15. Ne4 O-O 16. Ng3 Qe8 17. h3 Qf7 18. Qe2 Nf4 19. Bxf4 Qxf4 20. Qe4 Qxe4 21.
Rxe4 e5 22. dxe5 d5 23. Rg4 Kh7 24. Re1 e6 25. Nh4 g5 26. Nf3 Nc6 27. h4 Rf4
28. Rxf4 gxf4 29. Ne2 Rf8 30. Ned4 Nxd4 31. Nxd4 Re8 32. Kh2 c5 33. Nf3 Kg6 34.
Kh3 Rf8 35. a3 h5 36. Ng5 Kf5 37. Nf3 Rd8 38. Ng5 Rd7 39. g3 fxg3 40. fxg3 Re7
41. Rf1+ Kxe5 42. Nf7+ Ke4 43. Ng5+ Kd3 44. Re1 e5 45. Rd1+ Kc4 46. g4 hxg4+
47. Kxg4 e4 48. Nh3 d4 49. cxd4 cxd4 50. Nf4 d3 51. h5 Bxb2 52. h6 Rd7 53. a4
Kb3 54. Ng2 Bd4 55. Ne1 Kxa4 56. Kf4 Bc3 57. Ng2 Kb3 58. Kxe4 d2 59. Ne3 a5 60.
Rb1+ Ka2 61. Rd1 a4 62. Nd5 Rxd5 63. Kxd5 Kb3 64. h7 Kc2 65. Kc4 b5+ 66. Kxb5
Kxd1 0-1

[Event "España ch-2015 sub-18"]
[Site "Salobrena ESP"]
[Date "2015.07.28"]
[Round "3.24"]
[White "Buiza Prieto, Eihartze"]
[Black "Tevar Becerra, Alvaro"]
[Result "1-0"]
[WhiteElo "2095"]
[BlackElo "1857"]
[PlyCount "113"]
[EventDate "2015.07.27"]
[EventType "swiss"]
[EventRounds "9"]
[EventCountry "ESP"]
[Source "lmi"]
[SourceDate "2015.07.27"]

1. e4 e5 2. Nf3 Nc6 3. Bc4 g6 4. d4 exd4 5. Nxd4 Bg7 6. Nxc6 bxc6 7. O-O Ne7 8.
Nc3 O-O 9. f4 d5 10. exd5 cxd5 11. Nxd5 Nf5 12. c3 Qd6 13. Bb3 Qc5+ 14. Kh1 Ba6
15. Re1 Rad8 16. Qf3 Bb5 17. Be3 Nxe3 18. Rxe3 Rfe8 19. Rae1 Rxe3 20. Rxe3 Kf8
21. h3 Bc6 22. Rd3 Bb5 23. Qe3 Qxe3 24. Rxe3 c6 25. Nc7 Bh6 26. g3 Bf1 27. h4
Rc8 28. Kg1 Bh3 29. Na6 Rd8 30. Re2 Rd3 31. Kh2 Bg4 32. Rf2 Ke7 33. Nb4 Rd6 34.
Nc2 Bg7 35. Ne3 Bc8 36. Nc4 Rd3 37. Rd2 Rxd2+ 38. Nxd2 Be6 39. Kg2 Bd5+ 40. Kf2
Kd6 41. Ke3 f5 42. Bxd5 Kxd5 43. Kd3 Bf8 44. Nf3 Bc5 45. c4+ Ke6 46. Ke2 Be7
47. Ng5+ Kd6 48. Nxh7 Kc5 49. Kd3 Kb4 50. Ng5 Bf6 51. Ne6 Bxb2 52. Nf8 Bc3 53.
Nxg6 Be1 54. h5 Bxg3 55. h6 Be1 56. h7 Bc3 57. Ne5 1-0

[Event "España ch-2015 sub-18"]
[Site "Salobrena ESP"]
[Date "2015.07.28"]
[Round "3.25"]
[White "Perez Gonzalez, Daniel"]
[Black "Ventura Bolet, Maxim"]
[Result "0-1"]
[WhiteElo "1852"]
[BlackElo "2080"]
[PlyCount "58"]
[EventDate "2015.07.27"]
[EventType "swiss"]
[EventRounds "9"]
[EventCountry "ESP"]
[Source "lmi"]
[SourceDate "2015.07.27"]

1. e4 c5 2. Nf3 e6 3. c3 d5 4. exd5 Qxd5 5. d4 Nf6 6. Be3 cxd4 7. cxd4 Nc6 8.
Nc3 Qa5 9. Bd3 Be7 10. O-O O-O 11. Qe2 Nb4 12. Bb1 Bd7 13. Bg5 Nbd5 14. Qd3 Nb4
15. Qe2 Nbd5 16. Qd3 g6 17. Ne5 Rfd8 18. Qf3 Be8 19. h4 Qb4 20. Nxd5 Nxd5 21.
Rd1 f6 22. Bd2 Qxb2 23. Nxg6 hxg6 24. Bxg6 Bxg6 25. Qg4 Kf7 26. Bh6 Rg8 27. Re1
Bf5 28. Qh5+ Rg6 29. Rad1 Bg4 0-1

[Event "España ch-2015 sub-18"]
[Site "Salobrena ESP"]
[Date "2015.07.28"]
[Round "3.26"]
[White "Soriano Gracia, Manuel"]
[Black "Lacruz Algarate, Alvaro"]
[Result "1/2-1/2"]
[WhiteElo "1844"]
[BlackElo "2072"]
[PlyCount "33"]
[EventDate "2015.07.27"]
[EventType "swiss"]
[EventRounds "9"]
[EventCountry "ESP"]
[Source "lmi"]
[SourceDate "2015.07.27"]

1. e4 e6 2. d4 d5 3. exd5 exd5 4. Bd3 Bd6 5. Qf3 Nf6 6. h3 O-O 7. Ne2 Re8 8.
O-O c6 9. c3 Ne4 10. Bf4 Qf6 11. Bxe4 dxe4 12. Qg3 Bxf4 13. Qxf4 Qg6 14. Qg3
Nd7 15. Qxg6 hxg6 16. Re1 f5 17. Nd2 1/2-1/2

[Event "España ch-2015 sub-18"]
[Site "Salobrena ESP"]
[Date "2015.07.28"]
[Round "3.27"]
[White "Fernandez Alvarez, Luis"]
[Black "Santamaria Fernandez, Guillermo"]
[Result "1-0"]
[WhiteElo "2059"]
[BlackElo "1804"]
[PlyCount "43"]
[EventDate "2015.07.27"]
[EventType "swiss"]
[EventRounds "9"]
[EventCountry "ESP"]
[Source "lmi"]
[SourceDate "2015.07.27"]

1. e4 e6 2. d4 d5 3. Nc3 dxe4 4. Nxe4 Bd7 5. Nf3 Bc6 6. Neg5 Nd7 7. Nxf7 Qf6 8.
Nxh8 Bd6 9. Be2 Ne7 10. O-O h6 11. c4 b6 12. Qc2 g5 13. c5 bxc5 14. dxc5 Nxc5
15. Be3 Be4 16. Qc3 Qf5 17. Bxc5 Bxc5 18. Rac1 Bd6 19. Nd2 Bd5 20. Qd3 Qe5 21.
g3 O-O-O 22. Nf7 1-0

[Event "España ch-2015 sub-18"]
[Site "Salobrena ESP"]
[Date "2015.07.28"]
[Round "3.28"]
[White "Cribilles Perez, Carlos"]
[Black "Garcia Martinez, Marcos"]
[Result "1/2-1/2"]
[WhiteElo "1844"]
[BlackElo "2044"]
[PlyCount "71"]
[EventDate "2015.07.27"]
[EventType "swiss"]
[EventRounds "9"]
[EventCountry "ESP"]
[Source "lmi"]
[SourceDate "2015.07.27"]

1. d4 e6 2. c4 Nf6 3. Nc3 Bb4 4. e3 Qe7 5. Nge2 O-O 6. a3 Bxc3+ 7. Nxc3 d6 8.
Bd3 e5 9. O-O a5 10. Bc2 c6 11. b3 Rd8 12. Bb2 Nbd7 13. Qd3 Nf8 14. b4 Ng6 15.
b5 d5 16. cxd5 cxd5 17. dxe5 Nxe5 18. Qd4 Nc4 19. Ne2 Nxb2 20. Qxb2 Be6 21.
Rac1 Rac8 22. Nd4 h6 23. Bb1 Nd7 24. Nf5 Bxf5 25. Bxf5 Rxc1 26. Rxc1 Nc5 27. h3
b6 28. Rd1 Ne6 29. Qe5 Qd6 30. Qxd6 Rxd6 31. Bxe6 fxe6 32. f4 Kf7 33. Rc1 Ke7
34. Rc7+ Rd7 35. Rc6 Kf7 36. Rc1 1/2-1/2

[Event "España ch-2015 sub-18"]
[Site "Salobrena ESP"]
[Date "2015.07.28"]
[Round "3.29"]
[White "Garcia Martin, Guillermo"]
[Black "Porlan Minarro, Antonio"]
[Result "0-1"]
[WhiteElo "1791"]
[BlackElo "2040"]
[PlyCount "94"]
[EventDate "2015.07.27"]
[EventType "swiss"]
[EventRounds "9"]
[EventCountry "ESP"]
[Source "lmi"]
[SourceDate "2015.07.27"]

1. e4 d6 2. d4 Nf6 3. Nc3 Nbd7 4. Nf3 e5 5. Be3 Be7 6. h3 c6 7. Bc4 b5 8. Bd3
Bb7 9. O-O O-O 10. Re1 Qc7 11. a3 a6 12. dxe5 dxe5 13. Bg5 h6 14. Bh4 Nc5 15.
Qe2 Ne6 16. Bg3 Nd7 17. Rad1 Rfd8 18. Rd2 Bc5 19. Nd1 a5 20. Ne3 Nf4 21. Qf1
Nxd3 22. Rxd3 b4 23. c4 bxa3 24. bxa3 f6 25. Red1 Nb6 26. Nc2 Ba6 27. Nd2 Rxd3
28. Qxd3 Rd8 29. Qe2 Nxc4 30. Nxc4 Rxd1+ 31. Qxd1 Bxc4 32. Qf3 Be6 33. Qc3 Qb6
34. Kh2 Kf7 35. Qf3 Qb3 36. Ne3 Kg8 37. Qh5 Bxa3 38. Qe8+ Bf8 39. Qxc6 a4 40.
Nd5 Bxd5 41. exd5 Qb4 42. Qe6+ Kh8 43. Qf7 a3 44. f3 a2 45. d6 a1=Q 46. Qxf8+
Kh7 47. Qc8 Qxd6 0-1

[Event "España ch-2015 sub-18"]
[Site "Salobrena ESP"]
[Date "2015.07.28"]
[Round "3.30"]
[White "Prado Acebo, Ines"]
[Black "Cruz Fernandez, Sergio"]
[Result "1-0"]
[WhiteElo "2029"]
[BlackElo "1732"]
[PlyCount "124"]
[EventDate "2015.07.27"]
[EventType "swiss"]
[EventRounds "9"]
[EventCountry "ESP"]
[Source "lmi"]
[SourceDate "2015.07.27"]

1. d4 d5 2. c4 c6 3. Nf3 Nf6 4. e3 a6 5. Nc3 e6 6. Qc2 Be7 7. Bd3 dxc4 8. Bxc4
b5 9. Be2 Bb7 10. O-O Nbd7 11. Rd1 Qc7 12. Nd2 Rc8 13. Nce4 c5 14. Nxf6+ Bxf6
15. Ne4 cxd4 16. Qxc7 Rxc7 17. Nxf6+ Nxf6 18. Rxd4 O-O 19. f3 e5 20. Rd1 e4 21.
Kf2 Rfc8 22. Bd2 Kf8 23. a4 Bc6 24. Ba5 Rd7 25. Rdc1 Rb7 26. axb5 axb5 27. Bb4+
Ke8 28. Bc3 exf3 29. gxf3 Bd7 30. Bxf6 Rxc1 31. Rxc1 gxf6 32. Bd3 f5 33. Rc5 f6
34. Bxf5 Bxf5 35. Rxf5 Kf7 36. Ke2 Ke6 37. Rc5 Kd6 38. b4 Ke6 39. e4 Kd6 40.
Ke3 Ke7 41. Kd4 Kd8 42. Kd5 Kd7 43. Rc6 f5 44. exf5 Ke7 45. Kc5 Kf8 46. Rb6 Rf7
47. f6 Rd7 48. Rxb5 Rd3 49. Rb7 Rxf3 50. Rxh7 Rxf6 51. b5 Rf5+ 52. Kc6 Rf6+ 53.
Kc7 Ke8 54. b6 Rf2 55. Rh6 Rf7+ 56. Kb8 Rf2 57. Rh7 Kd8 58. h4 Rh2 59. h5 Rh1
60. h6 Rh2 61. Ka8 Ra2+ 62. Ra7 Ke8 1-0

[Event "España ch-2015 sub-18"]
[Site "Salobrena ESP"]
[Date "2015.07.28"]
[Round "3.31"]
[White "Zuñiga Arraras, Marina"]
[Black "Rivas Diaz, Pablo"]
[Result "0-1"]
[WhiteElo "1781"]
[BlackElo "2029"]
[PlyCount "86"]
[EventDate "2015.07.27"]
[EventType "swiss"]
[EventRounds "9"]
[EventCountry "ESP"]
[Source "lmi"]
[SourceDate "2015.07.27"]

1. d4 d5 2. Nf3 Nf6 3. e3 g6 4. Bd3 Bg7 5. Nbd2 O-O 6. c3 b6 7. e4 dxe4 8. Nxe4
Bb7 9. Qe2 Nd5 10. O-O Nc6 11. Rd1 Qd7 12. a3 Rad8 13. Bc2 Qg4 14. Qd2 Qc8 15.
Qe2 Rfe8 16. c4 Nf6 17. Nxf6+ exf6 18. Qf1 Na5 19. d5 Ba6 20. b3 f5 21. Rb1 c6
22. dxc6 Nxc6 23. Bb2 Ne5 24. Nxe5 Bxe5 25. Bxe5 Rxe5 26. Rxd8+ Qxd8 27. Re1
Qe7 28. Rxe5 Qxe5 29. Qd1 f4 30. h3 Bb7 31. f3 Bc6 32. Kf1 Kg7 33. Qe2 Kf6 34.
Ke1 Qa1+ 35. Kd2 Qxa3 36. Qd3 Qa5+ 37. Ke2 Qe5+ 38. Kd2 Kg5 39. Qd8+ f6 40. Qd3
Kh4 41. b4 Kg3 42. b5 Kf2 43. bxc6 Qe1# 0-1

[Event "España ch-2015 sub-18"]
[Site "Salobrena ESP"]
[Date "2015.07.28"]
[Round "3.32"]
[White "Tabera Benitez, Sebastian"]
[Black "Gonzalez Santamartina, Jorge"]
[Result "0-1"]
[WhiteElo "1758"]
[BlackElo "1991"]
[PlyCount "68"]
[EventDate "2015.07.27"]
[EventType "swiss"]
[EventRounds "9"]
[EventCountry "ESP"]
[Source "lmi"]
[SourceDate "2015.07.27"]

1. e4 e5 2. Nf3 Nc6 3. Bc4 Bc5 4. c3 Nf6 5. d3 a6 6. Bb3 d6 7. O-O O-O 8. Nbd2
Ba7 9. Re1 Ne7 10. Nf1 Ng6 11. Ng3 Nf4 12. d4 Qe8 13. h3 h6 14. Nh4 Kh7 15. Qf3
Ne6 16. dxe5 dxe5 17. Ngf5 Ng8 18. Be3 Bxe3 19. Rxe3 g5 20. Qh5 gxh4 21. Qxh4
Qd8 22. Qg4 Qf6 23. Rg3 Nf4 24. Re1 Bxf5 25. exf5 Ne7 26. Rge3 Rg8 27. Qf3 Nxg2
28. Qxg2 Rxg2+ 29. Kxg2 Nc6 30. Bd5 Rd8 31. c4 Rg8+ 32. Kh2 Kh8 33. Be4 b6 34.
Bd5 Rg5 0-1

[Event "España ch-2015 sub-18"]
[Site "Salobrena ESP"]
[Date "2015.07.28"]
[Round "3.33"]
[White "Garreta Nieto, Maria"]
[Black "Garcia Gonzalez, Omar"]
[Result "0-1"]
[WhiteElo "1627"]
[BlackElo "1964"]
[PlyCount "72"]
[EventDate "2015.07.27"]
[EventType "swiss"]
[EventRounds "9"]
[EventCountry "ESP"]
[Source "lmi"]
[SourceDate "2015.07.27"]

1. e4 c5 2. Nf3 e6 3. Nc3 a6 4. a4 Nc6 5. d3 Nf6 6. Bg5 Be7 7. Be2 d5 8. exd5
exd5 9. O-O O-O 10. Re1 h6 11. Bh4 Bf5 12. Bf1 Bg4 13. h3 Bh5 14. Be2 Qd7 15.
Ne5 Nxe5 16. Bxh5 Nc6 17. Qf3 Nd4 18. Qd1 g5 19. Bg3 Nxh5 20. Qxh5 Nxc2 21.
Qxh6 Qc6 22. Qh5 Bf6 23. Rac1 Nxe1 24. Rxe1 Rae8 25. Ra1 Re6 26. h4 gxh4 27.
Qg4+ Bg7 28. Bxh4 Rfe8 29. Kf1 Qd7 30. Qf3 Re5 31. Bg3 Rf5 32. Qd1 Qe6 33. Qe2
Bxc3 34. Qxe6 Rxe6 35. bxc3 Rh5 36. Kg1 Reh6 0-1

[Event "España ch-2015 sub-18"]
[Site "Salobrena ESP"]
[Date "2015.07.28"]
[Round "3.34"]
[White "Laseca Arana, Irati"]
[Black "Abalia Patino, Aritz"]
[Result "1-0"]
[WhiteElo "1597"]
[BlackElo "1951"]
[PlyCount "69"]
[EventDate "2015.07.27"]
[EventType "swiss"]
[EventRounds "9"]
[EventCountry "ESP"]
[Source "lmi"]
[SourceDate "2015.07.27"]

1. e4 e6 2. d4 b6 3. Nc3 Bb7 4. Nf3 Bb4 5. Bd3 Nf6 6. Qe2 d5 7. e5 Ne4 8. Bd2
Nxd2 9. Qxd2 c5 10. O-O Nc6 11. Qf4 O-O 12. Bxh7+ Kxh7 13. Ng5+ Kg8 14. Qh4 Re8
15. Nb5 cxd4 16. Qh5 Nxe5 17. f4 Bd2 18. Qh7+ Kf8 19. fxe5 Qxg5 20. Nd6 Bf4 21.
Rxf4 Qxf4 22. Rf1 Qe3+ 23. Kh1 Ke7 24. Qxg7 Rf8 25. Rxf7+ Rxf7 26. Qxf7+ Kd8
27. Nxb7+ Kc8 28. Nd6+ Kd8 29. Qe8+ Kc7 30. Nb5+ Kb7 31. Qd7+ Ka6 32. Nc7+ Kb7
33. Nxd5+ Ka6 34. Nxe3 dxe3 35. Qd3+ 1-0

[Event "España ch-2015 sub-18"]
[Site "Salobrena ESP"]
[Date "2015.07.28"]
[Round "3.35"]
[White "Santos Martinez, Guillermo"]
[Black "Vazquez Pino, Miguel A"]
[Result "1-0"]
[WhiteElo "1940"]
[BlackElo "1443"]
[PlyCount "65"]
[EventDate "2015.07.27"]
[EventType "swiss"]
[EventRounds "9"]
[EventCountry "ESP"]
[Source "lmi"]
[SourceDate "2015.07.27"]

1. d4 d5 2. c4 e6 3. Nc3 Nf6 4. Bg5 Be7 5. e3 b6 6. Nf3 Bb7 7. Bd3 Nbd7 8. O-O
O-O 9. Rc1 h6 10. Bh4 Rc8 11. cxd5 Nxd5 12. Bxe7 Qxe7 13. Nxd5 exd5 14. Qa4 a5
15. Bf5 c6 16. Ne5 Nxe5 17. Bxc8 Nf3+ 18. gxf3 Bxc8 19. Kh1 Qf6 20. Qd1 Rd8 21.
Rg1 Rd6 22. Rg3 Bf5 23. Qe2 Bg6 24. Rcg1 Qf5 25. Rg4 Re6 26. Qd1 Qh5 27. Rf4
Bf5 28. Rg3 Kh8 29. Qf1 a4 30. Qa6 b5 31. Qc8+ Kh7 32. Qf8 Bg6 33. Rxf7 1-0